000
00309nam a2200109Ia 4500
008
171211s9999 xx 000 0 und d
245
_a
Sunday Sews: 20 Inspired Weekend Projects
245
_c
Theresa Gonzalez
260
_c
2016
650
_x
Hobbies
856
_u
http://down.ebook777.com/064/9781452138688.pdf
999
_c
350326
_d
350326